Catálogo
 En Linea

Desarrolle su potencial de padre y madre : (Registro nro. 47612)

Detalles MARC
000 -CABECERA
campo de control de longitud fija 00712nam a2200217 a 4500
001 - NÚMERO DE CONTROL
campo de control 000048124
005 - FECHA Y HORA DE LA ÚLTIMA TRANSACCIÓN
campo de control 20260224100502.0
008 - DATOS DE LONGITUD FIJA--INFORMACIÓN GENERAL
campo de control de longitud fija 181119s2015 dr a 000 0 spa d
020 ## - NÚMERO INTERNACIONAL ESTÁNDAR DEL LIBRO
Número Internacional Estándar del Libro 9789945167078
040 ## - FUENTE DE LA CATALOGACIÓN
Centro catalogador/agencia de origen DO-SdBNP
Lengua de catalogación spa
Centro/agencia transcriptor BNPHU
082 ## - NÚMERO DE LA CLASIFICACIÓN DECIMAL DEWEY
Número de clasificación 649.1
Número de documento/Ítem O96de
100 1# - ENTRADA PRINCIPAL--NOMBRE DE PERSONA
Nombre de persona Ovalle, Lucía
9 (RLIN) 21368
245 10 - MENCIÓN DE TÍTULO
Título Desarrolle su potencial de padre y madre :
Resto del título pautas para criar mejores hijos e hijas /
Mención de responsabilidad, etc. Lucía Ovalle.
260 ## - PUBLICACIÓN, DISTRIBUCIÓN, ETC.
Lugar de publicación, distribución, etc. Santo Domingo :
Nombre del editor, distribuidor, etc. Búho,
Fecha de publicación, distribución, etc. 2015.
Nombre del editor, distribuidor, etc. il.
300 ## - DESCRIPCIÓN FÍSICA
Extensión v. : ;
Dimensiones 21 cm.
500 ## - NOTA GENERAL
Nota general La biblioteca posee el v. 2
590 ## - NOTA LOCAL (RLIN)
Nota local Inventariado, 2018/LP
650 #4 - PUNTO DE ACCESO ADICIONAL DE MATERIA--TÉRMINO DE MATERIA
Término de materia o nombre geográfico como elemento de entrada Paternidad (psicología)
Subdivisión general Enseñanza
9 (RLIN) 22240
650 #4 - PUNTO DE ACCESO ADICIONAL DE MATERIA--TÉRMINO DE MATERIA
Término de materia o nombre geográfico como elemento de entrada Padres e hijos
9 (RLIN) 796
650 #0 - PUNTO DE ACCESO ADICIONAL DE MATERIA--TÉRMINO DE MATERIA
Término de materia o nombre geográfico como elemento de entrada Crianza de niños
9 (RLIN) 4212
Existencias
Estado de retiro Estado de pérdida Restricciones de uso No para préstamo Código de colección Localización permanente Ubicación/localización actual Ubicación en estantería Fecha de adquisición Número de inventario Total de préstamos Signatura topográfica completa Código de barras Fecha visto por última vez Número de copia Precio válido a partir de Tipo de ítem Koha
        Dominicana de Servicio General General Depósito 19.11.2018 LF1   649.1 O96de 48124-30 25.06.2020 e. 3 25.06.2020 Libro y Folleto Colección Dominicana de Servicio
      Excluido de préstamo Patrimonio Dominicano Patrimonio Dominicano Patrimonio Dominicano Depósito 19.11.2018 LF1   649.1 O96de 48124-10 25.06.2020   25.06.2020 Libro y Folleto Colección Patrimonio Dominicano
      Excluido de préstamo Patrimonio Dominicano Patrimonio Dominicano Patrimonio Dominicano Depósito 19.11.2018 LF1   649.1 O96de 48124-20 25.06.2020 e. 2 25.06.2020 Libro y Folleto Colección Patrimonio Dominicano

Con tecnología Koha